| 000 | 00365nam a22001457a 4500 | ||
|---|---|---|---|
| 999 |
_c18067 _d18067 |
||
| 003 | OSt | ||
| 005 | 20230411140015.0 | ||
| 008 | 230411b ||||| |||| 00| 0 eng d | ||
| 040 | _c0 | ||
| 245 | _aISO awarding, unveiling of marker held / | ||
| 260 |
_aPhilippines : _bSunStar, _cMay 22, 2019. |
||
| 300 | _a1 page. | ||
| 650 |
_aAwards. _948356 |
||
| 942 |
_2ddc _cPER |
||